• 首页
  • 本馆介绍
  • 公告通知
  • 最新文献
  • 馆藏检索
  • 电子资源
  • 读者导购
  • 参考咨询
  • 我的图书馆
  • 登录
  • 详细信息显示
  • 放入我的书架
  • 预约/预借图书
  • 作者相关作品
  • 分类相关作品
  • 丛书相关作品
  • 出版社相关作品

书目信息

  • 表格格式
  • 工作单格式
  • 卡片格式
题名:
马克思主义人文文化理论发展研究
    
 
作者: 谭好哲 著
分册:  
出版信息: 济南   山东人民出版社  2022.05
页数: 32, 330页
开本: 24cm
丛书名: 马克思主义文化理论发展研究丛书
单 册:
中图分类: A811.67 , C
科图分类:
主题词: 马克思主义--ma ke si zhu yi--人文科学--文化理论--研究
电子资源:
ISBN: 978-7-209-13600-6
000 01242nam 2200289 450
001 CAL 004315033
005 20230217093111.0
010    @a978-7-209-13600-6@dCNY58.00
100    @a20220813d2022 em y0chiy0120 ea
101 0  @achi
102    @aCN@b370000
105    @ay a 000yy
106    @ar
200 1  @a马克思主义人文文化理论发展研究@Ama ke si zhu yi ren wen wen hua li lun fa zhan yan jiu@f谭好哲等著
210    @a济南@c山东人民出版社@d2022.05
215    @a32, 330页@d24cm
225 2  @a马克思主义文化理论发展研究丛书@Ama ke si zhu yi wen hua li lun fa zhan yan jiu cong shu
300    @a教育部哲学社会科学研究重大课题攻关项目“马克思主义文化理论发展研究”标志性阶段成果
320    @a有书目 (第325-328页)
330    @a本书重在阐述马克思主义人文文化理论发展问题。主要内容包括: 马克思主义文学艺术文化理论的历史发展、科学体系和现实问题 ; 马克思主义史学文化理论的历史发展、科学体系和现实问题 ; 马克思主义哲学文化理论的历史发展、科学体系和现实问题。
410  0 @12001 @a马克思主义文化理论发展研究丛书
606 0  @a马克思主义@Ama ke si zhu yi@x人文科学@x文化理论@x研究
690    @aA811.67@v5
690    @aC@v5
701  0 @a谭好哲@Atan hao zhe@4著
801  0 @aCN@bBJXHZP@c20230228
905    @b1405829-33@dA811.67@e446@f5
    
    马克思主义人文文化理论发展研究/谭好哲等著.-济南:山东人民出版社,2022.05
    32, 330页;24cm.-(马克思主义文化理论发展研究丛书)
    教育部哲学社会科学研究重大课题攻关项目“马克思主义文化理论发展研究”标志性阶段成果
    
    ISBN 978-7-209-13600-6:CNY58.00
    本书重在阐述马克思主义人文文化理论发展问题。主要内容包括: 马克思主义文学艺术文化理论的历史发展、科学体系和现实问题 ; 马克思主义史学文化理论的历史发展、科学体系和现实问题 ; 马克思主义哲学文化理论的历史发展、科学体系和现实问题。
●
相关链接 在E读中查询图书 在五车中查询图书 在当当中查询图书 在豆瓣中查询图书


正题名:马克思主义人文文化理论发展研究     索取号:A811.67/446         预约/预借

序号 登录号 条形码 馆藏地/架位号 状态 备注
1 1405829   214058295   第一样本阅览室/ [索取号:A811.67/446] 在馆    
2 1405830   214058302   第一借阅区/ [索取号:A811.67/446] 在馆    
3 1405831   214058311   第一借阅区/ [索取号:A811.67/446] 在馆    
4 1405832   214058320   第一借阅区/ [索取号:A811.67/446] 在馆    
5 1405833   214058339   第一借阅区/ [索取号:A811.67/446] 在馆    
唐山师范学院图书馆 欢迎您!
大连网信软件有限公司© 版权所有